000
00276cam a22000977a 4500
008
180718b1995 xxu||||| |||| 00| 0 eng d
245
_a
Sadhana se siddhi-2
_c
edited by Brahmverchasva
260
_a
Mathura
_b
Akhand Jyoti Sansthan
_c
1995
300
_a
V.P.
700
_a
Brahmverchasva
999
_c
440442
_d
440442